| 000 | 00764nam a22002057i 4500 | ||
|---|---|---|---|
| 999 |
_c22979 _d22979 |
||
| 003 | AR-CdUCM | ||
| 008 | 240812b20172017 pe||||| |||| 00| 0 spa d | ||
| 040 |
_aMUNICIPALIDAD PROVINCIAL DEL CUSCO _cBIBLIOTECA MUNICIPAL DEL CUSCO |
||
| 082 |
_aEP / 801 / F39C _bF39C |
||
| 100 |
_aFernández Machaca, Roxana María. _950171 |
||
| 245 |
_aConversando con versos : _bPoemario infantil / |
||
| 260 |
_aCusco : _c2017. |
||
| 300 |
_a48 páginas. : _c21 cm. |
||
| 505 | _aEl columpio -- El desfile -- Jardincito -- Arbolito de capulí -- Gorrioncito -- A mi patria -- Mi gato Lorenzo | ||
| 650 |
_aPoemario infantil _950172 |
||
| 700 |
_aArisaca Mamani, Juana _930738 |
||
| 700 |
_aArisaca Mamani, Lisbeth _950173 |
||
| 942 |
_2ddc _cLIBROS |
||
| 945 |
_apbj _d2024-08-12 |
||